| 000 | 00436nam a2200181Ia 4500 | ||
|---|---|---|---|
| 001 | 9217 | ||
| 005 | 20260306160707.0 | ||
| 008 | 260306t1974||||xx |||||||||||||| ||spa|| | ||
| 041 | _aESP | ||
| 082 |
_a375.23 _bT11 |
||
| 100 |
_aTaba, Hilda _eAUT |
||
| 245 | 0 |
_aElaboración del currículo: _bteoría y práctica |
|
| 260 | _c1974 | ||
| 300 |
_a657 páginas : _c23 cm. |
||
| 650 | _aGEN | ||
| 654 | _aCED | ||
| 942 |
_cLIB _dJUS _fJUS _2ddc _n |
||
| 999 |
_c9217 _d9217 |
||